000 00338 a2200157 4500
001 74417
020 _a850805138-7
040 _cAnchieta - Colégio São Paulo
100 _aPortela, Fernando
240 1 0 _aA Amazônia
_lpor
245 1 0 _aA Amazônia
300 _a48
362 0 _a1996
650 4 _aGeografia e viagens
942 _cBK
999 _c74417
_d74417